00245nam a2200097Ia 4500008004100000100001700041245003800058260003300096300000800129490001000137201210s9999 xx 000 0 und d aPiskunov, N. 0aDiffrential and Integral Calculus aMoscowbMir Publishersc1981 a471 vVol-I